Statistics for Olivia Rodrigo - teenage dream (Lyrics)

Click here to take the quiz!

General Stats

  • This quiz has been taken 366 times
  • The average score is 260 of 313

Answer Stats

Answer% Correct
I
99%
a
98%
be
96%
you,
96%
you
96%
go
93%
and
92%
And
92%
dream
92%
teenage
92%
the
92%
it
91%
It
91%
that
91%
to
91%
they
90%
They
90%
your
90%
all
89%
so
89%
me
88%
When
88%
when
88%
But
87%
but
87%
of
87%
you're
87%
could
86%
happy
86%
I'm
86%
my
86%
nineteen
86%
only
86%
always
85%
birthday
85%
couldn't
85%
got
84%
Got
84%
life
84%
out
84%
sorry
84%
ahead
83%
blow
83%
candles,
83%
say
83%
whole
83%
better,
82%
better
82%
if
82%
being
81%
best
81%
gets
81%
more
81%
start
81%
stop
81%
what
81%
don't?
80%
grow
80%
I'll
80%
just
80%
parts
80%
already
79%
am
78%
gonna
78%
good?
77%
good
77%
thing
77%
years
77%
age
76%
pretty
76%
wise?
76%
wise
76%
Yeah,
76%
for
75%
great
74%
Will
74%
will
74%
beyond
73%
guys?
73%
fear
71%
young
71%
misunderstood?
64%
feel
61%
quietly
60%
cool
58%
not
58%
back?
54%
enough?
54%
intentions
54%
sad?
52%
excuses
51%
have
51%
lessons
50%
wishing
50%
every
49%
learning
48%
does
47%
spend
47%
affection
45%
call
45%
everyone
44%
reason
44%
are
43%
rest
43%
wide-eyed
43%
bluffs?
39%

Score Distribution

Percentile by Number Answered

Percent of People with Each Score

Your Score History

You have not taken this quiz